<?xml version="1.0" encoding="UTF-8"?>
<collection xmlns="http://www.loc.gov/MARC21/slim">
  <record>
    <leader>00000nam  2200000   4500</leader>
    <controlfield tag="001">INLIS000000000020305</controlfield>
    <controlfield tag="005">20250610022040</controlfield>
    <datafield tag="035" ind1="#" ind2="#">
      <subfield code="a">0010-0625000047</subfield>
    </datafield>
    <controlfield tag="007">ta</controlfield>
    <controlfield tag="008">250610################|##########|#|##</controlfield>
    <datafield tag="084" ind1="#" ind2="#">
      <subfield code="a">R 0018 PKN I 2024</subfield>
    </datafield>
    <datafield tag="100" ind1=" " ind2="#">
      <subfield code="a">Pancana Putra Hadi Wahyana</subfield>
    </datafield>
    <datafield tag="245" ind1="1" ind2="#">
      <subfield code="a">Transformasi Identifikasi Kedokteran Kepolisian Melalui Akselerasi Database DNA Nasional Menuju Pelayanan Publik Terintegrasi /</subfield>
      <subfield code="c">Pancana Putra Hadi Wahyana</subfield>
    </datafield>
    <datafield tag="260" ind1="#" ind2="#">
      <subfield code="a">Jakarta :</subfield>
      <subfield code="b">Pusbangkom Pimnas dan Manajerial ASN,</subfield>
      <subfield code="c">2024</subfield>
    </datafield>
    <datafield tag="300" ind1="#" ind2="#">
      <subfield code="a">52 halaman ;</subfield>
      <subfield code="c">30 cm</subfield>
    </datafield>
    <datafield tag="650" ind1="#" ind2="4">
      <subfield code="a">Kedokteran Kepolisian</subfield>
    </datafield>
    <datafield tag="520" ind1="#" ind2="#">
      <subfield code="a">Akselerasi database DNA dilaksanakan melalui penyusunan Peraturan Kapusdokkes Polri Nomor 1 Tahun 2024 tentang Pelayanan Laboratorium DNA sebagai payung hukum yang mengatur tentang pengambilan sampel DNA, pemeriksaan sampel DNA, dan penyimpanan data DNA serta memperluas jangkauan pelayanan laboratorium DNA di RS Bhayangkara Kewilayahan.</subfield>
    </datafield>
    <datafield tag="990" ind1="#" ind2="#">
      <subfield code="a">2024/1.2.1/A/2018</subfield>
    </datafield>
  </record>
</collection>
